[Event "Mondiale Semilampo FIDE 2024"]
[Site "New York"]
[Date "26.12.2024"]
[Round "1.1"]
[White "Liang, Awonder"]
[Black "Carlsen, Magnus"]
[Result "1/2-1/2"]
[WhiteTitle "GM"]
[BlackTitle "GM"]
[WhiteElo "2687"]
[BlackElo "2831"]
[WhiteFideId "2056437"]
[BlackFideId "1503014"]
[EventDate "26.12.2024"]

1. e4 e5 2. Nf3 Nc6 3. Nc3 Nf6 4. d4 exd4 5. Nxd4 Bb4 6. Nxc6 bxc6 7. Bd3 d5 8.
exd5 O-O 9. O-O Bg4 10. Ne2 cxd5 11. h3 Bh5 12. c4 dxc4 13. Bxc4 Qe7 14. Qb3
Bxe2 15. Bxe2 Qxe2 16. Qxb4 Rfe8 17. Qb7 Qe5 18. Bd2 Reb8 19. Bc3 Rxb7 20. Bxe5
Nd5 21. Rfd1 c6 22. Rac1 f6 23. Bd4 Rd8 24. Kf1 Rbd7 25. Ke1 Nf4 26. g3 Rxd4 27.
Rxd4 Rxd4 28. gxf4 Rxf4 29. Rxc6 a5 30. Kf1 Kf7 31. Rc5 a4 32. Rb5 g5 33. Kg2
Kg6 34. Rb8 Rd4 35. Rb7 h6 36. Rb6 h5 37. Rb8 Kf5 38. Rb6 Ke5 39. b3 h4 40. a3
axb3 41. Rxb3 Ra4 42. Rb5+ Ke6 43. Rb6+ Kf5 44. Rb5+ Kg6 45. Rb3 Ra5 46. Rc3 f5
47. Rb3 Kf6 48. Rc3 Kg6 49. Rb3 Kh5 50. Rc3 g4 51. hxg4+ fxg4 52. Rc8 h3+ 53.
Kh2 Rf5 54. Kg1 Rb5 55. Rh8+ Kg5 56. Rg8+ Kf4 57. Rf8+ Ke4 58. Re8+ Re5 59.
Rxe5+ Kxe5 60. a4 Ke4 61. a5 Kd5 62. Kh2 Kc6 63. a6 Kb6 64. f3 gxf3 65. Kxh3 f2
66. Kg2 f1=R 67. Kxf1 Kxa6 1/2-1/2

[Event "Mondiale Semilampo FIDE 2024"]
[Site "New York"]
[Date "26.12.2024"]
[Round "1.2"]
[White "Caruana, Fabiano"]
[Black "Corrales Jimenez, Fidel"]
[Result "1-0"]
[WhiteTitle "GM"]
[BlackTitle "GM"]
[WhiteElo "2805"]
[BlackElo "2555"]
[WhiteFideId "2020009"]
[BlackFideId "3506690"]
[EventDate "26.12.2024"]

1. e4 e5 2. Nf3 Nf6 3. Nxe5 d6 4. Nf3 Nxe4 5. d4 d5 6. Bd3 Nc6 7. O-O Be7 8.
Nbd2 Nxd2 9. Bxd2 Bg4 10. c3 O-O 11. h3 Bh5 12. g3 Re8 13. Kg2 Bg6 14. Bxg6 hxg6
15. h4 Qd7 16. Rh1 Qf5 17. Bf4 Rac8 18. Qa4 a6 19. Rae1 f6 20. Qd1 Kf7 21. Nh2
Nd8 22. Ng4 Ne6 23. Bc1 c6 24. h5 Bd6 25. h6 Ng5 26. hxg7 Kxg7 27. Nh6 Qd7 28.
Bxg5 fxg5 29. Ng4 Rxe1 30. Rxe1 Re8 31. Ne3 Re4 32. Qd3 b5 33. a4 Qe6 34. axb5
axb5 35. f3 Bxg3 36. Kxg3 Rh4 37. Ng2 Rh3+ 38. Kf2 Qf6 39. Qe3 g4 40. Qe7+ Qxe7
41. Rxe7+ Kf6 42. Re3 g3+ 43. Kg1 g5 44. f4 g4 45. b4 Kf5 46. Re5+ Kf6 47. Rg5
Ke6 48. Rxg4 Kf5 49. Rg5+ Ke4 50. f5 Rh8 51. f6 Rf8 52. Rxg3 Rxf6 53. Re3+ 1-0

[Event "Mondiale Semilampo FIDE 2024"]
[Site "New York"]
[Date "26.12.2024"]
[Round "1.3"]
[White "Harsha, Bharathakoti"]
[Black "Vachier-Lagrave, Maxime"]
[Result "0-1"]
[WhiteTitle "GM"]
[BlackTitle "GM"]
[WhiteElo "2531"]
[BlackElo "2731"]
[WhiteFideId "5078776"]
[BlackFideId "623539"]
[EventDate "26.12.2024"]

1. d4 Nf6 2. c4 e6 3. Nc3 d5 4. cxd5 exd5 5. Bg5 c6 6. e3 h6 7. Bh4 Be7 8. Bd3
O-O 9. Nge2 Ne8 10. Bg3 Nd6 11. Qc2 a5 12. O-O Na6 13. a3 Re8 14. h3 Nc7 15.
Rad1 Bf8 16. Rfe1 Bd7 17. Nf4 Ne6 18. Na4 Nxf4 19. Bxf4 b6 20. Nc3 b5 21. a4 b4
22. Ne2 Ne4 23. Nc1 c5 24. dxc5 Nxc5 25. b3 Rc8 26. Qb1 Qf6 27. Ne2 Nxd3 28.
Qxd3 Bf5 29. Qxd5 Be6 30. Qd3 Red8 31. Nd4 Bc5 32. Bg3 Bxd4 33. exd4 Rc3 34. Qb5
Rd5 35. Qb8+ Kh7 36. Re3 Rxd4 37. Rxd4 Qxd4 38. Qe5 Rc1+ 39. Kh2 Qd1 40. Bf4
Qh1+ 41. Kg3 Rg1 42. Qe4+ g6 43. Bd6 Qxh3+ 44. Kf4 Qg4+ 45. Ke5 Qg5+ 46. Kd4
Rd1+ 47. Rd3 Bf5 0-1

[Event "Mondiale Semilampo FIDE 2024"]
[Site "New York"]
[Date "26.12.2024"]
[Round "1.6"]
[White "Aronian, Levon"]
[Black "Andersen, Mads"]
[Result "1-0"]
[WhiteTitle "GM"]
[BlackTitle "GM"]
[WhiteElo "2747"]
[BlackElo "2592"]
[WhiteFideId "13300474"]
[BlackFideId "1413864"]
[EventDate "26.12.2024"]

1. c4 e6 2. g3 d5 3. Bg2 Nf6 4. Nf3 Bd6 5. d4 h6 6. O-O O-O 7. b3 b6 8. Bb2 Bb7
9. Nc3 Nbd7 10. Qc2 Re8 11. Rac1 a6 12. Rfd1 Rb8 13. Nd2 Be7 14. e4 dxe4 15.
Ncxe4 Nxe4 16. Bxe4 Bxe4 17. Qxe4 Nf6 18. Qg2 b5 19. h4 bxc4 20. Nxc4 Nd5 21.
Bc3 Rb5 22. Qf3 Bf6 23. Ba5 Qb8 24. Rd3 Ne7 25. Qf4 Rc8 26. Bd2 Nd5 27. Qf3 c5
28. a4 Rb7 29. Na5 Rbc7 30. dxc5 Rxc5 31. Rxc5 Rxc5 32. Nc4 Rc8 33. Ne3 Nxe3 34.
Bxe3 Qb4 35. Bxh6 Qe1+ 36. Kg2 Rc2 37. Bg5 Bxg5 38. hxg5 Rc8 39. Rd7 Rf8 40. Qd3
a5 41. Qd4 e5 42. Qd5 Qb1 43. Re7 e4 44. g6 1-0

[Event "Mondiale Semilampo FIDE 2024"]
[Site "New York"]
[Date "26.12.2024"]
[Round "1.7"]
[White "Erenburg, Sergey"]
[Black "Firouzja, Alireza"]
[Result "0-1"]
[WhiteTitle "GM"]
[BlackTitle "GM"]
[WhiteElo "2510"]
[BlackElo "2763"]
[WhiteFideId "2805642"]
[BlackFideId "12573981"]
[EventDate "26.12.2024"]

1. e4 c5 2. Nf3 d6 3. Bb5+ Nd7 4. c3 Nf6 5. Qe2 a6 6. Ba4 b5 7. Bc2 Bb7 8. O-O
g6 9. d4 Bg7 10. b3 O-O 11. Bb2 Rc8 12. a4 cxd4 13. cxd4 Nh5 14. axb5 Nf4 15.
Qd2 Bh6 16. Kh1 axb5 17. d5 e5 18. dxe6 fxe6 19. Na3 Nf6 20. Nxb5 d5 21. exd5
Bxd5 22. Qd1 Nxg2 23. Kxg2 Nh5 24. Nd4 Rxc2 0-1

[Event "Mondiale Semilampo FIDE 2024"]
[Site "New York"]
[Date "26.12.2024"]
[Round "1.9"]
[White "Chirila, Ioan-Cristian"]
[Black "Abdusattorov, Nodirbek"]
[Result "0-1"]
[WhiteTitle "GM"]
[BlackTitle "GM"]
[WhiteElo "2530"]
[BlackElo "2777"]
[WhiteFideId "1211668"]
[BlackFideId "14204118"]
[EventDate "26.12.2024"]

1. d4 Nf6 2. c4 e6 3. Nf3 b6 4. g3 Bb7 5. Bg2 Be7 6. O-O O-O 7. Nc3 Ne4 8. Bd2
f5 9. Be1 Bf6 10. Qc2 Nxc3 11. Bxc3 Be4 12. Qa4 d6 13. Ne1 Qd7 14. Qxd7 Nxd7 15.
Bxe4 fxe4 16. f3 exf3 17. Nxf3 d5 18. Rac1 Rfe8 19. b3 dxc4 20. bxc4 c5 21. Rfd1
Rac8 22. dxc5 Nxc5 23. Bxf6 gxf6 24. Nd4 Re7 25. Kg2 Kf7 26. Kf3 Nd7 27. Nb5
Ne5+ 28. Kg2 Kg6 29. Rd4 Rc5 30. Rc3 a6 31. Nd6 Rd7 32. e3 Rc6 33. Ne4 Rxd4 34.
exd4 Nxc4 35. Kf2 b5 36. Nd2 Ne5 37. Rxc6 Nxc6 38. Nb3 a5 39. Ke3 Nb4 40. a3 a4
41. Na1 Nd5+ 42. Kd3 Kf5 43. h3 b4 44. axb4 Nxb4+ 45. Kc4 Nd5 46. Nc2 Ke4 47.
Kc5 Ne3 48. Na3 Nf5 49. Nb5 Nxg3 50. Nc3+ Kd3 51. Nxa4 Ne4+ 52. Kc6 Kxd4 0-1

[Event "Mondiale Semilampo FIDE 2024"]
[Site "New York"]
[Date "26.12.2024"]
[Round "1.10"]
[White "Duda, Jan-Krzysztof"]
[Black "Makarian, Rudik"]
[Result "1/2-1/2"]
[WhiteTitle "GM"]
[BlackTitle "IM"]
[WhiteElo "2740"]
[BlackElo "2547"]
[WhiteFideId "1170546"]
[BlackFideId "44105681"]
[EventDate "26.12.2024"]

1. e4 e5 2. Nf3 Nc6 3. Bb5 a6 4. Ba4 Nf6 5. O-O d6 6. Bxc6+ bxc6 7. d4 exd4 8.
Nxd4 c5 9. Nc6 Qd7 10. Na5 Qa4 11. Nb3 Bg4 12. Qe1 Be7 13. Nc3 Qd7 14. e5 dxe5
15. Qxe5 c4 16. Na5 Qe6 17. Bf4 O-O 18. Qxe6 Bxe6 19. Nc6 Bc5 20. Na4 Bb6 21.
Rad1 Rfe8 22. Nxb6 cxb6 23. Rd6 b5 24. f3 Bf5 25. Rc1 h5 26. Kf2 Kh7 27. h3 Re6
28. Rxe6 Bxe6 29. Rd1 Nd5 30. Bc1 f6 31. g4 Rc8 32. Nd4 Bf7 33. a3 hxg4 34. hxg4
Rc7 35. Nf5 Rd7 36. Be3 Bg6 37. Bc5 Bxf5 38. gxf5 Kg8 39. Rd4 Kf7 40. b3 cxb3
41. cxb3 g6 42. fxg6+ Kxg6 43. a4 Kf5 44. a5 Ke5 45. Re4+ Kf5 46. Re8 Nf4 47.
Be3 Rc7 48. Bxf4 Kxf4 49. Re6 Rc2+ 50. Ke1 f5 51. Rxa6 Rb2 52. Rb6 Rxb3 53. a6
Ke3 54. Kd1 f4 55. Kc2 Ra3 56. Rc6 b4 57. Rd6 Rc3+ 58. Kb2 Ra3 59. Kc2 Ke2 60.
Rd4 Rc3+ 61. Kb2 Kxf3 62. Rxb4 Rc8 63. a7 Ra8 64. Rb7 Ke2 65. Re7+ Kf2 66. Kc3
f3 67. Kc4 Kg2 68. Rg7+ Kf1 69. Kb5 f2 70. Rf7 Kg1 71. Kb6 Rxa7 72. Rxf2 Kxf2
73. Kxa7 1/2-1/2

[Event "Mondiale Semilampo FIDE 2024"]
[Site "New York"]
[Date "26.12.2024"]
[Round "1.11"]
[White "Pranav, V"]
[Black "So, Wesley"]
[Result "1/2-1/2"]
[WhiteTitle "GM"]
[BlackTitle "GM"]
[WhiteElo "2621"]
[BlackElo "2747"]
[WhiteFideId "25060783"]
[BlackFideId "5202213"]
[EventDate "26.12.2024"]

1. e4 c5 2. Nf3 d6 3. Bb5+ Nd7 4. O-O a6 5. Bxd7+ Bxd7 6. c3 e6 7. d4 Ne7 8.
dxc5 dxc5 9. Ne5 Ng6 10. Nxd7 Qxd7 11. Qh5 Qc6 12. Nd2 Be7 13. Re1 O-O 14. Nf3
Rfd8 15. Qg4 Qc7 16. h4 Ne5 17. Nxe5 Qxe5 18. Bf4 Qf6 19. h5 Rd3 20. Rad1 Rad8
21. Rxd3 Rxd3 22. Be3 h6 23. g3 c4 24. Kg2 b5 25. Re2 Kh7 26. f4 Bf8 27. Bd4 Qe7
28. a3 a5 29. Kh2 b4 30. axb4 axb4 31. Rf2 Qd6 32. e5 Qd5 33. f5 exf5 34. Qxf5+
Kg8 35. Qg4 b3 36. Qe2 Be7 37. Qg4 Qe6 38. Qe4 Bf8 39. Qe2 Qe7 40. Qg4 Qg5 41.
Qxg5 hxg5 42. Kh3 Be7 43. Kg4 Rd1 44. Be3 Re1 45. Bxg5 Bxg5 46. Kxg5 Rxe5+ 47.
Kg4 f6 48. Rd2 Kh7 49. Kh4 Re4+ 50. g4 f5 51. Kg5 fxg4 52. Kf5 Re1 53. Kxg4 Rg1+
54. Kh4 Rb1 55. Kg4 Rg1+ 56. Kh4 Rc1 57. Rd4 Rb1 58. Rxc4 Rxb2 59. Rb4 Rb1 60.
Kg3 Kh6 61. c4 Kxh5 62. c5 g5 63. c6 b2 64. c7 Rg1+ 65. Kh2 Rc1 66. Rxb2 Rxc7
67. Kg2 Kh4 68. Ra2 g4 69. Rb2 1/2-1/2

[Event "Mondiale Semilampo FIDE 2024"]
[Site "New York"]
[Date "26.12.2024"]
[Round "1.12"]
[White "Xiong, Jeffery"]
[Black "Grebnev, Aleksey"]
[Result "0-1"]
[WhiteTitle "GM"]
[BlackTitle "GM"]
[WhiteElo "2636"]
[BlackElo "2555"]
[WhiteFideId "2047640"]
[BlackFideId "34189030"]
[EventDate "26.12.2024"]

1. d4 Nf6 2. c4 e6 3. Nc3 Bb4 4. Nf3 b6 5. e3 O-O 6. Bd3 c5 7. O-O d5 8. cxd5
exd5 9. Bd2 Nc6 10. a3 Bxc3 11. Bxc3 c4 12. Bc2 Bg4 13. Qb1 Bxf3 14. gxf3 b5 15.
Kh1 a5 16. b4 axb4 17. axb4 Qe7 18. Qb2 Nd7 19. Rxa8 Rxa8 20. Ra1 Rxa1+ 21. Qxa1
Nxb4 22. Qa8+ Nf8 23. Bb1 Nd3 24. Bxd3 cxd3 25. Qa5 Qf6 26. Kg2 Qg6+ 27. Kf1 Qc6
28. Bb4 Ne6 29. Bc5 h6 30. Qc3 Ng5 31. Qxd3 Nxf3 32. Ke2 Ng5 33. f3 Qc7 34. Qf5
Qxh2+ 35. Kd3 Qa2 36. Qc8+ Kh7 37. Qf5+ g6 38. Qf6 Qc4+ 39. Kd2 Qf1 40. Qe7 Qxf3
41. Kc3 Qe4 42. Qd8 Qxe3+ 43. Kb4 Qf3 44. Bd6 Ne6 45. Qe8 Nxd4 46. Be5 Nc6+ 0-1

[Event "Mondiale Semilampo FIDE 2024"]
[Site "New York"]
[Date "26.12.2024"]
[Round "1.13"]
[White "Zemlyanskii, Ivan"]
[Black "Mamedyarov, Shakhriyar"]
[Result "1/2-1/2"]
[WhiteTitle "GM"]
[BlackTitle "GM"]
[WhiteElo "2543"]
[BlackElo "2738"]
[WhiteFideId "24249971"]
[BlackFideId "13401319"]
[EventDate "26.12.2024"]

1. e4 e5 2. Nf3 Nc6 3. Bc4 Nf6 4. d3 d5 5. exd5 Nxd5 6. O-O Bc5 7. Nxe5 Nxe5 8.
Re1 Be6 9. Rxe5 Bxf2+ 10. Kh1 O-O 11. Qf3 Nf6 12. Nd2 Bd4 13. Re1 Ng4 14. h3 Qh4
15. Rf1 Ne3 16. Qf4 Nxg2 17. Qxh4 Nxh4 18. Rf4 Nf5 19. Bxe6 fxe6 20. Ne4 Be5 21.
Rf3 Nd4 22. Rxf8+ Rxf8 23. Bd2 Nxc2 24. Rc1 Nd4 25. Rc5 Nc6 26. b4 Bd4 27. Rc1
Bb6 28. a4 a5 29. bxa5 Nxa5 30. Bxa5 Bxa5 31. Nc5 Rb8 32. Nxe6 Re8 33. Nc5 b6
34. Nb3 Re1+ 35. Rxe1 Bxe1 36. Nd4 Kf7 37. Nb5 c5 38. Kg2 Ke6 39. Kf3 Ke5 40.
Na3 Ba5 41. Ke3 g5 42. Nc4+ Kd5 43. Na3 h5 44. Nc4 g4 45. hxg4 hxg4 46. Na3 g3
47. Nb5 Be1 48. Kf3 Bf2 49. Kg2 Ke6 50. Kf3 Ke5 51. Na3 Kd4 52. Nc4 Kxd3 53.
Nxb6 Be1 54. a5 Bxa5 55. Na4 c4 56. Nb2+ Kd4 57. Nxc4 Kxc4 58. Kxg3 1/2-1/2

[Event "Mondiale Semilampo FIDE 2024"]
[Site "New York"]
[Date "26.12.2024"]
[Round "1.14"]
[White "Dominguez Perez, Leinier"]
[Black "Amar, Elham"]
[Result "1-0"]
[WhiteTitle "GM"]
[BlackTitle "GM"]
[WhiteElo "2741"]
[BlackElo "2534"]
[WhiteFideId "3503240"]
[BlackFideId "1533533"]
[EventDate "26.12.2024"]

1. e4 c6 2. d4 d5 3. e5 Bf5 4. Nf3 e6 5. Be2 c5 6. Be3 cxd4 7. Nxd4 Ne7 8. Nd2
Nbc6 9. N2f3 Bg4 10. O-O Bxf3 11. Nxf3 Ng6 12. c4 dxc4 13. Bxc4 Be7 14. Qb3 Qb8
15. Bd3 O-O 16. g3 Ngxe5 17. Nxe5 Nxe5 18. Be4 Nc6 19. Rac1 Bf6 20. Rfd1 Qc7 21.
Qc2 h6 22. b4 Qe5 23. Bxc6 bxc6 24. Qxc6 Qb2 25. a4 Rfc8 26. Qe4 a6 27. Rxc8+
Rxc8 28. Rb1 Qe2 29. Qb7 Rc3 30. Qa8+ Kh7 31. Qe4+ Kg8 32. b5 axb5 33. axb5 Bg5
34. Ra1 Rc8 35. Ra8 Rxa8 36. Qxa8+ Kh7 37. Bxg5 hxg5 38. Qc6 e5 39. b6 e4 40.
Qd5 g4 41. b7 Qb2 42. Qf5+ Kg8 43. Qc8+ Kh7 44. b8=Q 1-0

[Event "Mondiale Semilampo FIDE 2024"]
[Site "New York"]
[Date "26.12.2024"]
[Round "1.15"]
[White "Le, Tuan Minh"]
[Black "Yu, Yangyi"]
[Result "0-1"]
[WhiteTitle "GM"]
[BlackTitle "GM"]
[WhiteElo "2598"]
[BlackElo "2724"]
[WhiteFideId "12401153"]
[BlackFideId "8603820"]
[EventDate "26.12.2024"]

1. d4 Nf6 2. c4 e6 3. Nf3 d5 4. Nc3 Bb4 5. Qa4+ Nc6 6. e3 O-O 7. Qc2 dxc4 8.
Bxc4 Bd6 9. O-O e5 10. h3 Bd7 11. a3 exd4 12. exd4 Qc8 13. Re1 Bxh3 14. gxh3
Qxh3 15. Qd1 Ng4 16. Ne4 Bh2+ 17. Kh1 Bg3+ 18. Kg1 Bxf2+ 0-1

[Event "Mondiale Semilampo FIDE 2024"]
[Site "New York"]
[Date "26.12.2024"]
[Round "1.17"]
[White "Khanin, Semen"]
[Black "Praggnanandhaa, R"]
[Result "0-1"]
[WhiteTitle "GM"]
[BlackTitle "GM"]
[WhiteElo "2568"]
[BlackElo "2737"]
[WhiteFideId "4111990"]
[BlackFideId "25059530"]
[EventDate "26.12.2024"]

1. d4 e6 2. c4 b6 3. Nc3 Bb4 4. e3 Bxc3+ 5. bxc3 Bb7 6. Nf3 f5 7. a4 Nf6 8. a5
Ne4 9. Qb3 c5 10. Nd2 O-O 11. Nxe4 fxe4 12. dxc5 Na6 13. Ba3 Qh4 14. Ra2 Nxc5
15. Bxc5 bxc5 16. g3 Qf6 17. Bg2 Rab8 18. Qc2 Ba6 19. Bxe4 Bxc4 20. Rb2 Rxb2 21.
Qxb2 d5 22. Bg2 Qe5 23. Qc2 Rb8 24. Bf1 Bb3 25. Qd3 Ba2 26. f4 Qc7 27. Qc2 Bb1
28. Qd2 Be4 29. Rg1 Rb1+ 30. Kf2 Qb8 31. Be2 Rb2 32. Qd1 Qb5 33. Re1 Qxa5 34.
Qc1 Rc2 35. Qd1 Qxc3 36. Kf1 Qxe3 37. Qb1 h6 38. Qb8+ Kh7 39. Qe5 d4 0-1

[Event "Mondiale Semilampo FIDE 2024"]
[Site "New York"]
[Date "26.12.2024"]
[Round "1.18"]
[White "Giri, Anish"]
[Black "Benjamin, Joel"]
[Result "1-0"]
[WhiteTitle "GM"]
[BlackTitle "GM"]
[WhiteElo "2733"]
[BlackElo "2473"]
[WhiteFideId "24116068"]
[BlackFideId "2000091"]
[EventDate "26.12.2024"]

1. c4 e5 2. g3 Nf6 3. Bg2 Nc6 4. Nc3 Bc5 5. Nf3 d6 6. O-O a6 7. d3 h6 8. a3 O-O
9. b4 Ba7 10. Bb2 Be6 11. e3 Qd7 12. Re1 Rad8 13. Rc1 Rfe8 14. Qe2 Ne7 15. Qf1
b5 16. Nd2 c6 17. Nce4 Nxe4 18. Nxe4 f5 19. Nd2 Rc8 20. Qe2 Ng6 21. Kh1 f4 22.
gxf4 exf4 23. Qh5 Ne5 24. Bxe5 dxe5 25. Be4 Bf7 26. Qf3 bxc4 27. Nxc4 Bd5 28.
Rg1 Kh8 29. Rg6 Re6 30. Qg4 1-0

[Event "Mondiale Semilampo FIDE 2024"]
[Site "New York"]
[Date "26.12.2024"]
[Round "1.19"]
[White "Dragnev, Valentin"]
[Black "Dubov, Daniil"]
[Result "0-1"]
[WhiteTitle "GM"]
[BlackTitle "GM"]
[WhiteElo "2563"]
[BlackElo "2693"]
[WhiteFideId "1634852"]
[BlackFideId "24126055"]
[EventDate "26.12.2024"]

1. e4 e5 2. Nf3 Nc6 3. Bc4 Bc5 4. d3 d6 5. a4 h6 6. a5 a6 7. Be3 Qf6 8. Bxc5
dxc5 9. Nc3 Nge7 10. Nd2 Nd4 11. O-O Bd7 12. Nd5 Nxd5 13. Bxd5 O-O 14. Bxb7 Rab8
15. Bd5 Rxb2 16. c3 Qf4 17. Ra2 Rxa2 18. Bxa2 Bg4 19. f3 Be6 20. Bc4 Nb5 21. Qe1
Bxc4 22. dxc4 Nxc3 23. Nb3 Na4 24. Qf2 Rb8 25. g3 Qg5 26. Ra1 Rxb3 27. Rxa4 Qc1+
28. Qf1 Qc2 29. Qf2 Rb1+ 0-1

[Event "Mondiale Semilampo FIDE 2024"]
[Site "New York"]
[Date "26.12.2024"]
[Round "1.21"]
[White "Christiansen, Johan-Sebastian"]
[Black "Onischuk, Alexander"]
[Result "1/2-1/2"]
[WhiteTitle "GM"]
[BlackTitle "GM"]
[WhiteElo "2661"]
[BlackElo "2640"]
[WhiteFideId "1512668"]
[BlackFideId "14101025"]
[EventDate "26.12.2024"]

1. e4 e5 2. Nf3 Nc6 3. Nc3 Nf6 4. Nd5 d6 5. d4 Bg4 6. dxe5 Nxe5 7. Be2 c6 8.
Nxe5 Bxe2 9. Qxe2 dxe5 10. Ne3 Nxe4 11. O-O Nd6 12. Rd1 Qc7 13. Ng4 f6 14. f4 e4
15. f5 Be7 16. Bf4 O-O 17. Nf2 Rad8 18. Nxe4 Qb6+ 19. Nf2 Rfe8 20. b3 Bf8 21.
Qh5 Ne4 22. Bg3 Nxg3 23. hxg3 Bc5 24. Qf3 Re3 25. Qf4 Bd4 26. Rxd4 Qxd4 27. Rd1
Qxd1+ 28. Nxd1 Rxd1+ 29. Kh2 Re8 30. Qc7 Rd2 31. c4 h6 32. Qxb7 Ree2 33. Qxc6
Rxa2 34. b4 Rec2 35. b5 Kh7 36. Kh3 Rc3 37. Qe8 Rxc4 38. Qg6+ Kh8 39. Qe8+ Kh7
40. Qg6+ Kh8 41. Qe8+ 1/2-1/2

[Event "Mondiale Semilampo FIDE 2024"]
[Site "New York"]
[Date "26.12.2024"]
[Round "1.22"]
[White "Le, Quang Liem"]
[Black "Vakhidov, Jakhongir"]
[Result "0-1"]
[WhiteTitle "GM"]
[BlackTitle "GM"]
[WhiteElo "2739"]
[BlackElo "2546"]
[WhiteFideId "12401137"]
[BlackFideId "14201801"]
[EventDate "26.12.2024"]

1. d4 Nf6 2. c4 g6 3. Nc3 Bg7 4. e4 d6 5. Nge2 O-O 6. Ng3 h5 7. Bd3 e5 8. d5 Nh7
9. Be3 h4 10. Nf1 f5 11. f3 f4 12. Bf2 h3 13. g3 Nd7 14. Rg1 Qf6 15. Nb5 Qd8 16.
gxf4 a6 17. Nc3 exf4 18. Rxg6 Ng5 19. Be2 Ne5 20. Rxg7+ Kxg7 21. c5 Qf6 22. cxd6
cxd6 23. Na4 Bd7 24. Nb6 Bb5 25. Nxa8 Ngxf3+ 26. Bxf3 Nd3+ 27. Qxd3 Bxd3 28. Nc7
Kh6 29. Rd1 Bxf1 30. Kxf1 Qxb2 31. Ne6 Qc3 32. Be2 Qc2 33. Rd4 Rg8 34. Rd3 Qb1+
35. Be1 Rg3 36. Nxf4 Rxd3 37. Bxd3 Qxa2 38. Nxh3 Qxh2 39. Nf2 Kg7 40. Bc3+ Kf7
41. e5 dxe5 42. Be4 b5 43. Ke2 Ke8 44. Bf3 Kd8 45. Bb4 Qf4 46. Ne4 Qc1 47. Ba5+
Kc8 48. d6 Qc4+ 49. Kf2 Qa2+ 50. Bd2 Kd7 51. Bg4+ Kc6 52. d7 Qf7+ 53. Ke1 Qd5
54. Bf3 Kb6 55. Nf6 Qd6 56. Nd5+ Kc6 57. Ne7+ Kxd7 58. Nd5 Qa3 59. Ke2 a5 60.
Nf6+ Kd8 61. Bd5 b4 62. Ne4 b3 63. Nc3 Qc5 64. Bxb3 e4 65. Bd5 e3 66. Be1 a4 67.
Kd3 a3 68. Ba2 Qb6 69. Bd5 Qh6 70. Ke2 Ke7 71. Ba2 Kd6 72. Bg3+ Kc5 73. Be1 Qf4
74. Kd3 Qf1+ 75. Kxe3 Qxe1+ 76. Kd3 Qf1+ 77. Kc2 Kd4 78. Nb1 Qe2+ 79. Nd2 0-1

[Event "Mondiale Semilampo FIDE 2024"]
[Site "New York"]
[Date "26.12.2024"]
[Round "1.23"]
[White "Muradli, Mahammad"]
[Black "Oparin, Grigoriy"]
[Result "1/2-1/2"]
[WhiteTitle "GM"]
[BlackTitle "GM"]
[WhiteElo "2588"]
[BlackElo "2653"]
[WhiteFideId "13409301"]
[BlackFideId "24125890"]
[EventDate "26.12.2024"]

1. Nf3 Nf6 2. c4 e6 3. g3 d5 4. Bg2 d4 5. b4 Bxb4 6. Qa4+ Nc6 7. Ne5 Rb8 8. Nxc6
bxc6 9. Bxc6+ Bd7 10. O-O Bxc6 11. Qxc6+ Qd7 12. Qf3 d3 13. exd3 O-O 14. Bb2
Rfd8 15. Bxf6 gxf6 16. Nc3 f5 17. Rab1 Rb6 18. Rb3 Bf8 19. Qf4 Bg7 20. Ne2 e5
21. Qe3 Rxb3 22. axb3 Qxd3 23. Nc3 c6 24. Qxa7 e4 25. Qc7 Qd6 26. Qa5 Qd7 27.
Ne2 Qxd2 28. Qb6 Be5 29. Qc5 Qxe2 30. Qxe5 Rd1 31. Rxd1 Qxd1+ 32. Kg2 Qf3+ 33.
Kg1 Qd1+ 34. Kg2 Qf3+ 35. Kg1 Qd1+ 1/2-1/2

[Event "Mondiale Semilampo FIDE 2024"]
[Site "New York"]
[Date "26.12.2024"]
[Round "1.24"]
[White "Sindarov, Javokhir"]
[Black "Gagunashvili, Merab"]
[Result "1-0"]
[WhiteTitle "GM"]
[BlackTitle "GM"]
[WhiteElo "2682"]
[BlackElo "2541"]
[WhiteFideId "14205483"]
[BlackFideId "13601652"]
[EventDate "26.12.2024"]

1. e4 e5 2. Nf3 Nc6 3. Bc4 Bc5 4. Nc3 Nf6 5. d3 d6 6. O-O O-O 7. Na4 Bb6 8. a3
Be6 9. Bxe6 fxe6 10. b4 Nd4 11. Ne1 Qe8 12. Nxb6 axb6 13. c3 Nc6 14. Nf3 Nh5 15.
g3 Nf6 16. Kg2 Qh5 17. h3 h6 18. Ra2 Rad8 19. Qe2 Rd7 20. b5 Na5 21. a4 Qf7 22.
Rb2 Qe8 23. Rb1 Rdf7 24. Nh2 Qd7 25. Bb2 Kh7 26. Ba1 Qe7 27. Qc2 Kh8 28. Rbe1
Qd7 29. Bb2 Kg8 30. Ba3 Ra8 31. Nf3 Raf8 32. Re3 Nh5 33. Qd1 Nf6 34. Nh4 Kh7 35.
Qe2 Re8 36. Bb4 Ra8 37. Qc2 c5 38. Ba3 Ng8 39. c4 Ne7 40. Rf3 Ng6 41. Nxg6 Kxg6
42. Rxf7 Kxf7 43. Bb2 Kg8 44. h4 Rf8 45. Bc3 Qe7 46. Qd1 Kh7 47. h5 Kg8 48. Bd2
Kh7 49. Be3 Kg8 50. Qg4 Kh8 51. Rb1 Qf7 52. Qg6 Qe7 53. Rb2 Rf6 54. Qg4 Rf8 55.
Bd2 Qf7 56. Be1 Qe7 57. Bc3 Qf7 58. f3 Kh7 59. Rb1 Rg8 60. Rf1 Nb3 61. f4 exf4
62. Rxf4 Qe8 63. e5 d5 64. cxd5 exd5 65. e6 d4 66. Bb2 Rf8 67. Rxf8 Qxf8 68.
Qe4+ Kh8 69. e7 Qe8 70. Qe6 c4 71. dxc4 Nc5 72. Qe5 Nd7 73. Qd6 Qxh5 74. Qe6 Nf6
75. Bxd4 Ne8 76. Bxb6 Qd1 77. Bf2 Qd3 78. a5 Kh7 79. Qd5 Qc2 80. a6 bxa6 81.
bxa6 Nc7 82. Qc6 Qe2 83. Qxc7 Qe4+ 84. Kh2 Qe2 85. Qf4 1-0

[Event "Mondiale Semilampo FIDE 2024"]
[Site "New York"]
[Date "26.12.2024"]
[Round "1.25"]
[White "Zarnicki, Pablo"]
[Black "Sarana, Alexey"]
[Result "0-1"]
[WhiteTitle "GM"]
[BlackTitle "GM"]
[WhiteElo "2514"]
[BlackElo "2674"]
[WhiteFideId "100137"]
[BlackFideId "24133795"]
[EventDate "26.12.2024"]

1. e4 c5 2. Nf3 d6 3. Bb5+ Nd7 4. c4 Nf6 5. Nc3 g6 6. d4 cxd4 7. Nxd4 Bg7 8. O-O
O-O 9. Ba4 Qc7 10. Qe2 a6 11. h3 Nc5 12. Bc2 Nfxe4 13. Nd5 Qd8 14. Rd1 e6 15.
Bxe4 Nxe4 16. Qxe4 exd5 17. Qxd5 Qb6 18. Bf4 Rd8 19. Rac1 Qxb2 20. c5 Bg4 21.
Rb1 dxc5 22. Qg5 Qxa2 23. Nf3 Rxd1+ 24. Rxd1 Bxf3 25. Rd8+ Rxd8 26. Qxd8+ Bf8
27. gxf3 Qe6 0-1